| 000 | 01020nam a22002777a 4500 | ||
|---|---|---|---|
| 003 | BD-DhSAU | ||
| 005 | 20181205134805.0 | ||
| 008 | 161006b2017 bg ad||| |||| 00| 0 eng d | ||
| 040 | _aBD-DhSAU | ||
| 082 |
_222 _a630 _bH7949 |
||
| 100 |
_a Hossen , Md. Shahadat _4Registration No:10-03779 |
||
| 245 |
_aComparative Physiology of salinity and drought stress tolerance in Indica and Japonica Rice seedlings / _c Hossen , Md. Shahadat _bMs Thesis |
||
| 260 |
_aDhaka : Sher- e- Bangla Agricultural University : _bDepartment of Agronomy , _c2017 |
||
| 300 |
_axviii, 102 p. : _bill. ; _c30 cm. |
||
| 504 | _aIncludes bibliographical references. | ||
| 590 | _aShofi | ||
| 650 | _aAgronomy | ||
| 650 | _aPhysiology | ||
| 650 | _aIndica | ||
| 650 | _aJaponica | ||
| 650 | _aRice seedling | ||
| 700 |
_aKarim , Md. Fazlul _4Supervisor |
||
| 700 |
_aHossain , H.M.M. Tariq _4Co-Supervisor |
||
| 856 |
_uhttp://archive.saulibrary.edu.bd:8080/xmlui/handle/123456789/455 _yOnline Access |
||
| 942 |
_2ddc _cTHESIS |
||
| 999 |
_c14449 _d14448 |
||